LEADER 00889nam a2200205 i 4500 001 000000249344 003 CaOOAMICUS 005 20160512000000.0 008 160512s1839 it u000 u ita u 013 $a228249 040 $aSeMil$bita 245 10$aSupplimento. Tomo 5. 300 $a479 p. 500 $aLascito C.M. Martini. 773 0 $aRichard, Charles Louis <1711-1794>$tBiblioteca sacra, ovvero Dizionario universale delle scienze ecclesiastiche che comprende la storia della religione, della sua istituzione e de' suoi dogmi; la storia parimenti ....$dMilano : Pirotta e C. : [poi]... Ranieri Fanfani, 1830-1853.$gSupplimento5$w()4447 850 $aSeMil 852 $aSeMil$W1$xVenegono$y1$m3D III 161 FA$j199690$B199690$CSeMilBibl$Z2$F211140 $8I 941 1 $a4 961 $aLascito: Martini Card. Carlo Maria 996 $6245$aSupplimento. Tomo 5$9(OLS)http://semarc/title/351505 LEADER 00904nam a2200193 i 4500 001 000000066378 003 CaOOAMICUS 005 20131105000000.0 008 131105s1773 xx u000 u lat u 013 $a37550 026 $aumn- o.im o-ts Geli (3) 1773 (R) 040 $aSeMil$bita 245 10$aVolumen 1. 300 $axxiv, 373, [3] p. 500 $aSegn. : a-c4 A-3A4. 773 0 $aBrenna, Luigi $tGeneris humani consensu in agnoscenda divinitate opus metaphysicum, criticum, et historicum, in quo plures recentiorum incredulorum, praesertim Petri Baylii, confutantur errores ... Conscriptum ab Aloysio Brenna S. J. ... Volumen 1. [-2.].$dFlorentiae : Typis Regiae Celsitudinis apud Cajetanum Cambiagi, 1773.$g1$w()14497 850 $aSeMil 852 $aSeMil$W1$xVenegono$y1$m2N III 19 FA$j32531$B32531$CSeMilBibl$Z2$F32534 $8I 996 $6245$aVolumen 1$9(OLS)http://semarc/title/65626